| 000 | 00515nam a2200193 4500 | ||
|---|---|---|---|
| 003 | SEACOMEC | ||
| 005 | 20231016085941.0 | ||
| 008 | 231016b |||||||| |||| 00| 0 eng d | ||
| 020 | _cRs.188.00 | ||
| 040 | _aSEACOMEC | ||
| 082 | 1 |
_a620.112 _bR992 |
|
| 100 | 1 | _aRyder,G.H. | |
| 245 | 1 |
_aStrength of materials _cryder,G.H. |
|
| 250 | _a3 rd ed. | ||
| 260 | 1 |
_aNew Delhi _bMacmillan _c2002 |
|
| 650 | _aEngineering and allied operations, Engineering mechanics and materials | ||
| 700 | _aG.H. Ryder | ||
| 942 | _cBOOK | ||
| 999 |
_c226 _d226 |
||